LEADER 01408nam1-22003851i-450 001 990008101690403321 005 20180117123541.0 035 $a000810169 035 $aFED01000810169 035 $a(Aleph)000810169FED01 035 $a000810169 100 $a20050429d2003----km-y0itay50------ba 101 0 $aeng 102 $aIT 105 $aa-------001yy 200 1 $a4th European congress on regional geoscientific cartography and information systems$egeoscientific information for spatial planning$eproceedings$eBologna, june 17-20 2003 210 $aBologna$cRegione Emilia Romagna$d2003 215 $a2 v.$cill.$d30 cm 300 $aIn testa al front.: Regione Emilia Romagna, Catalunya, Freistaat Bayern 610 0 $aCartografia Regionale 710 12$aEuropean congress on regional geoscientific cartography and information systems,$d4.$f<2003 ;$eBologna>$0292451 801 0$aIT$bUNINA$gRICA$2UNIMARC 901 $aBK 912 $a990008101690403321 952 $aE IV 19a$b03907.a$fDINST 952 $aE IV 19.b$b03907.b$fDINST 952 $aB-G 0037(1)$bB.F.L.F. 51004$fILFGE 952 $aB-G 0037(2)$bB.F.L.F. 51005$fILFGE 952 $aNA 3/31$bs.i.$fDINGE 952 $aNA 3/32$bs.i.$fDINGE 959 $aILFGE 959 $aDINST 959 $aDINGE 996 $a4th European congress on regional geoscientific cartography and information systems$9753883 997 $aUNINA LEADER 01106nam 2200361 450 001 9910467081303321 010 $a3-8325-9878-2 035 $a(CKB)4340000000242762 035 $a(MiAaPQ)EBC5219633 035 $a(EXLCZ)994340000000242762 100 $a20180529d2010 uy 0 101 0 $ager 135 $aurcnu|||||||| 181 $ctxt$2rdacontent 182 $cc$2rdamedia 183 $acr$2rdacarrier 200 10$aPolitische Kultur in Den USA und Deutschland $eNationale Identita?t Am Anfang des 21 : Jahrhunderts /$fJens Christian Ko?nig 210 1$aBerlin :$cLogos Verlag Berlin,$d[2010] 210 4$dİ2010 215 $a1 online resource (684 pages) 311 $a3-8325-2471-1 606 $aPolitical culture$zGermany$y21st century 608 $aElectronic books. 615 0$aPolitical culture 676 $a306.20943 700 $aKo?nig$b Jens Christian$0888574 801 0$bMiAaPQ 801 1$bMiAaPQ 801 2$bMiAaPQ 906 $aBOOK 912 $a9910467081303321 996 $aPolitische Kultur in Den USA und Deutschland$91985070 997 $aUNINA